[Event "European Online Club-ch-A 2021"]
[Site "Online"]
[Date "2021.03.27"]
[Round "5.13"]
[White "Zavgorodniy, Sergiy"]
[Black "Finek, Vaclav"]
[Result "0-1"]
[WhiteElo "2418"]
[BlackElo "2361"]
[Annotator "NA"]
[PlyCount "52"]
[EventDate "2021.03.27"]
[EventType "team-tourn"]
[EventCountry "NET"]
[SourceTitle "playchess.com"]
[Source "ChessBase"]
[SourceQuality "1"]
[TimeControl "900+5"]

1. e4 {[%emt 0:00:00]} e5 {[%emt 0:00:10]} 2. Nf3 {[%emt 0:00:04]} Nf6 {[%emt 0:00:13]} 3. d3 {[%emt 0:00:06]} Nc6 {[%emt 0:00:04]} 4. Be2 {[%emt 0:00:03]} Be7 {[%emt 0:00:05]} 5. O-O {[%emt 0:00:02]} O-O {[%emt 0:00:03]} 6. c3 {[%emt 0:00:04]} d6 {[%emt 0:00:10]} 7. Re1 {[%emt 0:00:06]} h6 {[%emt 0:00:59]} 8. Nbd2 {[%emt 0:00:06]} Re8 {[%emt 0:00:04]} 9. Nf1 {[%emt 0:00:05]} Be6 {[%emt 0:00:08]} 10. Ng3 {[%emt 0:00:06]} Qd7 {[%emt 0:00:18]} 11. h3 {[%emt 0:00:08]} Rad8 {[%emt 0:00:06]} 12. Qc2 {[%emt 0:00:18]} d5 {[%emt 0:00:49]} 13. Bf1 {[%emt 0:01:08]} Bd6 {[%emt 0:00:28]} 14. Nh4 {[%emt 0:00:36]} Ne7 {[%emt 0:00:41]} 15. Qe2 {[%emt 0:03:15]} c6 {[%emt 0:01:19]} 16. Qf3 {[%emt 0:00:32]} Nh7 {[%emt 0:02:59]} 17. Nh5 {[%emt 0:02:34]} Ng6 {[%emt 0:01:44]} 18. Qg3 {[%emt 0:00:11]} Ng5 {[%emt 0:00:58]} 19. Be2 {[%emt 0:03:35]} dxe4 {[%emt 0:01:28]} 20. Nxg6 {[%emt 0:01:20]} fxg6 {[%emt 0:00:09]} 21. h4 {[%emt 0:00:08]} exd3 {[%emt 0:01:11]} 22. hxg5 {[%emt 0:00:13]} dxe2 {[%emt 0:00:17]} 23. gxh6 {[%emt 0:00:04]} gxh5 {[%emt 0:00:11]} 24. Rxe2 {[%emt 0:00:20]} Qf7 {[%emt 0:00:23]} 25. Bg5 {[%emt 0:00:07]} Rd7 {[%emt 0:00:03]} 26. Rd1 {[%emt 0:00:13]} Bg4 {[%emt 0:00:07]} 0-1

[Event "European Online Club-ch-A 2021"]
[Site "Online"]
[Date "2021.03.27"]
[Round "5.14"]
[White "Hrbek, Stepan"]
[Black "Grinev, Valeriy"]
[Result "1/2-1/2"]
[WhiteElo "2230"]
[BlackElo "2441"]
[Annotator "NA"]
[PlyCount "81"]
[EventDate "2021.03.27"]
[EventType "team-tourn"]
[EventCountry "NET"]
[SourceTitle "playchess.com"]
[Source "ChessBase"]
[SourceQuality "1"]
[TimeControl "900+5"]

1. c4 {[%emt 0:00:00]} c5 {[%emt 0:00:03]} 2. Nf3 {[%emt 0:00:02]} Nc6 {[%emt 0:00:03]} 3. d4 {[%emt 0:00:02]} cxd4 {[%emt 0:00:02]} 4. Nxd4 {[%emt 0:00:01]} g6 {[%emt 0:00:02]} 5. e4 {[%emt 0:00:02]} Bg7 {[%emt 0:00:03]} 6. Be3 {[%emt 0:00:02]} Nf6 {[%emt 0:00:02]} 7. Nc3 {[%emt 0:00:03]} Ng4 {[%emt 0:00:02]} 8. Qxg4 {[%emt 0:00:02]} Nxd4 {[%emt 0:00:02]} 9. Qd1 {[%emt 0:00:01]} e5 {[%emt 0:00:02]} 10. Bd3 {[%emt 0:00:04]} O-O {[%emt 0:00:04]} 11. O-O {[%emt 0:00:18]} b6 {[%emt 0:00:03]} 12. Nd5 {[%emt 0:00:43]} Bb7 {[%emt 0:00:16]} 13. Rc1 {[%emt 0:00:39]} f5 {[%emt 0:01:20]} 14. Bxd4 {[%emt 0:00:52]} exd4 {[%emt 0:02:37]} 15. exf5 {[%emt 0:00:08]} Bxd5 {[%emt 0:00:33]} 16. cxd5 {[%emt 0:00:30]} gxf5 {[%emt 0:00:03]} 17. Qh5 {[%emt 0:02:18]} Qf6 {[%emt 0:01:20]} 18. Rfe1 {[%emt 0:00:06]} Qg6 {[%emt 0:00:13]} 19. Qxg6 {[%emt 0:03:57]} hxg6 {[%emt 0:00:03]} 20. Rc7 {[%emt 0:00:20]} Rfe8 {[%emt 0:00:27]} 21. Kf1 {[%emt 0:02:24]} Rxe1+ {[%emt 0:00:22]} 22. Kxe1 {[%emt 0:00:02]} d6 {[%emt 0:00:01]} 23. Bb5 {[%emt 0:00:20]} d3 {[%emt 0:02:06]} 24. b3 {[%emt 0:00:38]} a5 {[%emt 0:00:03]} 25. Kd2 {[%emt 0:00:21]} Bd4 {[%emt 0:00:22]} 26. f3 {[%emt 0:00:33]} Kh8 {[%emt 0:00:53]} 27. Kxd3 {[%emt 0:00:25]} Bg1 {[%emt 0:00:02]} 28. h3 {[%emt 0:00:12]} Rg8 {[%emt 0:00:02]} 29. Bd7 {[%emt 0:00:45]} Rg7 {[%emt 0:00:20]} 30. Rc8+ {[%emt 0:00:02]} Kh7 {[%emt 0:00:02]} 31. Be6 {[%emt 0:00:04]} Ra7 {[%emt 0:00:02]} 32. Kc4 {[%emt 0:01:19]} Kg7 {[%emt 0:00:22]} 33. Kb5 {[%emt 0:00:14]} Kf6 {[%emt 0:00:07]} 34. Rc6 {[%emt 0:00:11]} Bc5 {[%emt 0:00:04]} 35. a4 {[%emt 0:00:09]} Ke5 {[%emt 0:00:42]} 36. Rc8 {[%emt 0:00:03]} Rh7 {[%emt 0:00:06]} 37. Rg8 {[%emt 0:00:04]} Kf6 {[%emt 0:00:06]} 38. Rf8+ {[%emt 0:00:04]} Ke5 {[%emt 0:00:04]} 39. Rg8 {[%emt 0:00:02]} Kf6 {[%emt 0:00:01]} 40. Rf8+ {[%emt 0:00:07]} Ke5 {[%emt 0:00:02]} 41. Rg8 {[%emt 0:00:01]} 1/2-1/2

[Event "European Online Club-ch-A 2021"]
[Site "Online"]
[Date "2021.03.27"]
[Round "5.15"]
[White "Vovk, Orest"]
[Black "Nemec, Jachym"]
[Result "1/2-1/2"]
[WhiteElo "2315"]
[BlackElo "2229"]
[Annotator "NA"]
[PlyCount "200"]
[EventDate "2021.03.27"]
[EventType "team-tourn"]
[EventCountry "NET"]
[SourceTitle "playchess.com"]
[Source "ChessBase"]
[SourceQuality "1"]
[TimeControl "900+5"]

1. g4 {[%emt 0:00:00]} d5 {[%emt 0:00:05]} 2. h3 {[%emt 0:00:05]} e5 {[%emt 0:00:03]} 3. Bg2 {[%emt 0:00:01]} Be6 {[%emt 0:00:26]} 4. d3 {[%emt 0:00:13]} Nd7 {[%emt 0:00:04]} 5. c3 {[%emt 0:00:02]} Be7 {[%emt 0:00:37]} 6. Nf3 {[%emt 0:00:08]} Ngf6 {[%emt 0:00:15]} 7. Ng5 {[%emt 0:00:15]} O-O {[%emt 0:00:15]} 8. Nxe6 {[%emt 0:00:02]} fxe6 {[%emt 0:00:01]} 9. Nd2 {[%emt 0:00:41]} c6 {[%emt 0:00:07]} 10. Nf3 {[%emt 0:00:58]} Bd6 {[%emt 0:00:17]} 11. Qc2 {[%emt 0:00:24]} e4 {[%emt 0:01:03]} 12. dxe4 {[%emt 0:02:00]} Nxe4 {[%emt 0:00:02]} 13. Be3 {[%emt 0:00:04]} Qc7 {[%emt 0:01:14]} 14. Nd4 {[%emt 0:02:23]} Rae8 {[%emt 0:03:26]} 15. Bxe4 {[%emt 0:00:19]} dxe4 {[%emt 0:00:02]} 16. Qxe4 {[%emt 0:00:02]} Nc5 {[%emt 0:00:20]} 17. Qc2 {[%emt 0:00:11]} Bf4 {[%emt 0:00:57]} 18. Qc1 {[%emt 0:03:54]} Ne4 {[%emt 0:00:14]} 19. Bxf4 {[%emt 0:00:42]} Rxf4 {[%emt 0:00:04]} 20. f3 {[%emt 0:01:09]} Ng3 {[%emt 0:00:35]} 21. Rg1 {[%emt 0:00:22]} e5 {[%emt 0:00:08]} 22. Qe3 {[%emt 0:01:05]} Qf7 {[%emt 0:03:04]} 23. Nf5 {[%emt 0:01:03]} Nxf5 {[%emt 0:00:35]} 24. gxf5 {[%emt 0:00:01]} Rxf5 {[%emt 0:00:02]} 25. Qxa7 {[%emt 0:00:07]} e4 {[%emt 0:00:53]} 26. fxe4 {[%emt 0:00:21]} Rxe4 {[%emt 0:00:03]} 27. O-O-O {[%emt 0:00:04]} h6 {[%emt 0:00:08]} 28. Rd8+ {[%emt 0:00:18]} Kh7 {[%emt 0:00:08]} 29. Rd2 {[%emt 0:00:17]} Ree5 {[%emt 0:00:29]} 30. a3 {[%emt 0:00:08]} Rb5 {[%emt 0:00:34]} 31. Qd4 {[%emt 0:00:06]} Rf1+ {[%emt 0:00:41]} 32. Rxf1 {[%emt 0:00:02]} Qxf1+ {[%emt 0:00:02]} 33. Kc2 {[%emt 0:00:02]} Qf7 {[%emt 0:00:27]} 34. Qd3+ {[%emt 0:00:04]} Kg8 {[%emt 0:00:04]} 35. Qd8+ {[%emt 0:00:03]} Kh7 {[%emt 0:00:02]} 36. Qd3+ {[%emt 0:00:02]} Kg8 {[%emt 0:00:03]} 37. c4 {[%emt 0:00:03]} Rc5 {[%emt 0:00:07]} 38. Qd8+ {[%emt 0:00:02]} Kh7 {[%emt 0:00:02]} 39. Qd3+ {[%emt 0:00:02]} Kg8 {[%emt 0:00:02]} 40. Kc3 {[%emt 0:00:04]} b5 {[%emt 0:00:03]} 41. Qd8+ {[%emt 0:00:02]} Kh7 {[%emt 0:00:02]} 42. Qd3+ {[%emt 0:00:03]} Kg8 {[%emt 0:00:02]} 43. b3 {[%emt 0:00:04]} bxc4 {[%emt 0:00:08]} 44. bxc4 {[%emt 0:00:11]} Qa7 {[%emt 0:00:16]} 45. Qd8+ {[%emt 0:00:08]} Kh7 {[%emt 0:00:01]} 46. Qd3+ {[%emt 0:00:01]} Kg8 {[%emt 0:00:02]} 47. Kb2 {[%emt 0:00:07]} Qa4 {[%emt 0:00:15]} 48. Qd8+ {[%emt 0:00:04]} Kh7 {[%emt 0:00:01]} 49. Qd3+ {[%emt 0:00:03]} Kg8 {[%emt 0:00:01]} 50. Rc2 {[%emt 0:00:05]} Qa5 {[%emt 0:00:03]} 51. Qc3 {[%emt 0:00:13]} Qb6+ {[%emt 0:00:06]} 52. Qb4 {[%emt 0:00:06]} Qa7 {[%emt 0:00:08]} 53. e4 {[%emt 0:00:05]} Re5 {[%emt 0:00:03]} 54. c5 {[%emt 0:00:02]} Qe7 {[%emt 0:00:03]} 55. Rc4 {[%emt 0:00:09]} Qf6 {[%emt 0:00:02]} 56. Kb3 {[%emt 0:00:05]} Qf3+ {[%emt 0:00:06]} 57. Qc3 {[%emt 0:00:06]} Qd1+ {[%emt 0:00:13]} 58. Qc2 {[%emt 0:00:16]} Qf3+ {[%emt 0:00:06]} 59. Rc3 {[%emt 0:00:02]} Qf7+ {[%emt 0:00:11]} 60. Kb2 {[%emt 0:00:04]} Qf4 {[%emt 0:00:09]} 61. Rc4 {[%emt 0:00:07]} Qf3 {[%emt 0:00:09]} 62. Qc3 {[%emt 0:00:05]} Qe2+ {[%emt 0:00:05]} 63. Kb3 {[%emt 0:00:06]} Qd1+ {[%emt 0:00:01]} 64. Qc2 {[%emt 0:00:07]} Qf3+ {[%emt 0:00:02]} 65. Rc3 {[%emt 0:00:03]} Qf7+ {[%emt 0:00:03]} 66. Kb2 {[%emt 0:00:02]} Qe6 {[%emt 0:00:11]} 67. Qb3 {[%emt 0:00:06]} Rxe4 {[%emt 0:00:01]} 68. Qxe6+ {[%emt 0:00:02]} Rxe6 {[%emt 0:00:01]} 69. Kb3 {[%emt 0:00:07]} Re7 {[%emt 0:00:04]} 70. Kb4 {[%emt 0:00:05]} Rb7+ {[%emt 0:00:03]} 71. Ka5 {[%emt 0:00:03]} Rb5+ {[%emt 0:00:02]} 72. Ka6 {[%emt 0:00:02]} Kf7 {[%emt 0:00:11]} 73. a4 {[%emt 0:00:02]} Rb4 {[%emt 0:00:03]} 74. a5 {[%emt 0:00:03]} Rb5 {[%emt 0:00:03]} 75. Ra3 {[%emt 0:00:15]} Ke6 {[%emt 0:00:07]} 76. Ka7 {[%emt 0:00:08]} Kd5 {[%emt 0:00:04]} 77. a6 {[%emt 0:00:02]} Kxc5 {[%emt 0:00:05]} 78. Rf3 {[%emt 0:00:02]} Kd4 {[%emt 0:00:12]} 79. Rf7 {[%emt 0:00:05]} c5 {[%emt 0:00:03]} 80. Rxg7 {[%emt 0:00:05]} c4 {[%emt 0:00:03]} 81. Rg6 {[%emt 0:00:06]} h5 {[%emt 0:00:14]} 82. Rb6 {[%emt 0:00:08]} Rxb6 {[%emt 0:00:09]} 83. Kxb6 {[%emt 0:00:02]} c3 {[%emt 0:00:01]} 84. a7 {[%emt 0:00:02]} c2 {[%emt 0:00:01]} 85. a8=Q {[%emt 0:00:03]} c1=Q {[%emt 0:00:05]} 86. Qh8+ {[%emt 0:00:04]} Ke4 {[%emt 0:00:06]} 87. Qxh5 {[%emt 0:00:04]} Qb2+ {[%emt 0:00:02]} 88. Kc6 {[%emt 0:00:04]} Qc3+ {[%emt 0:00:05]} 89. Kd6 {[%emt 0:00:05]} Qb4+ {[%emt 0:00:08]} 90. Ke6 {[%emt 0:00:05]} Qb6+ {[%emt 0:00:03]} 91. Kf7 {[%emt 0:00:03]} Qc7+ {[%emt 0:00:07]} 92. Kg8 {[%emt 0:00:05]} Qd8+ {[%emt 0:00:07]} 93. Kg7 {[%emt 0:00:07]} Qe7+ {[%emt 0:00:07]} 94. Kh6 {[%emt 0:00:15]} Qf8+ {[%emt 0:00:05]} 95. Kh7 {[%emt 0:00:08]} Qe7+ {[%emt 0:00:02]} 96. Kg8 {[%emt 0:00:02]} Qd8+ {[%emt 0:00:04]} 97. Kg7 {[%emt 0:00:02]} Qe7+ {[%emt 0:00:03]} 98. Kh6 {[%emt 0:00:07]} Qf8+ {[%emt 0:00:03]} 99. Kh7 {[%emt 0:00:05]} Qe7+ {[%emt 0:00:01]} 100. Kg8 {[%emt 0:00:03]} Qd8+ {[%emt 0:00:03]} 1/2-1/2

[Event "European Online Club-ch-A 2021"]
[Site "Online"]
[Date "2021.03.27"]
[Round "5.16"]
[White "Smolik, Jachym"]
[Black "Hulka, Valentyn"]
[Result "1-0"]
[WhiteElo "2073"]
[BlackElo "2089"]
[Annotator "NA"]
[PlyCount "73"]
[EventDate "2021.03.27"]
[EventType "team-tourn"]
[EventCountry "NET"]
[SourceTitle "playchess.com"]
[Source "ChessBase"]
[SourceQuality "1"]
[TimeControl "900+5"]

1. d4 {[%emt 0:00:00]} Nf6 {[%emt 0:00:04]} 2. Nf3 {[%emt 0:00:03]} g6 {[%emt 0:00:02]} 3. c4 {[%emt 0:00:02]} Bg7 {[%emt 0:00:01]} 4. Nc3 {[%emt 0:00:02]} d5 {[%emt 0:00:01]} 5. Qb3 {[%emt 0:00:04]} c6 {[%emt 0:00:32]} 6. e3 {[%emt 0:00:20]} O-O {[%emt 0:00:04]} 7. Bd2 {[%emt 0:00:07]} a5 {[%emt 0:00:02]} 8. c5 {[%emt 0:00:19]} Nbd7 {[%emt 0:01:15]} 9. Na4 {[%emt 0:00:09]} Ne4 {[%emt 0:00:06]} 10. Bc3 {[%emt 0:00:37]} e5 {[%emt 0:00:47]} 11. Be2 {[%emt 0:01:15]} Qe7 {[%emt 0:03:49]} 12. Rc1 {[%emt 0:03:24]} Re8 {[%emt 0:00:53]} 13. O-O {[%emt 0:00:51]} Nxc3 {[%emt 0:03:00]} 14. bxc3 {[%emt 0:00:06]} e4 {[%emt 0:00:02]} 15. Nd2 {[%emt 0:00:06]} Qg5 {[%emt 0:00:03]} 16. Kh1 {[%emt 0:00:58]} Rb8 {[%emt 0:00:35]} 17. Rfe1 {[%emt 0:02:00]} Nf6 {[%emt 0:00:15]} 18. Nb6 {[%emt 0:00:50]} Bg4 {[%emt 0:00:47]} 19. Nf1 {[%emt 0:00:38]} Qh4 {[%emt 0:01:46]} 20. Kg1 {[%emt 0:00:09]} Bh6 {[%emt 0:00:28]} 21. c4 {[%emt 0:00:50]} Rbd8 {[%emt 0:00:13]} 22. cxd5 {[%emt 0:00:52]} Nxd5 {[%emt 0:00:02]} 23. Bc4 {[%emt 0:01:13]} Be6 {[%emt 0:00:23]} 24. Ng3 {[%emt 0:00:30]} f5 {[%emt 0:00:05]} 25. Bxd5 {[%emt 0:00:10]} cxd5 {[%emt 0:00:02]} 26. Ne2 {[%emt 0:00:22]} g5 {[%emt 0:00:05]} 27. c6 {[%emt 0:00:27]} bxc6 {[%emt 0:00:08]} 28. Rxc6 {[%emt 0:00:04]} Bf7 {[%emt 0:00:10]} 29. Rf6 {[%emt 0:00:20]} f4 {[%emt 0:00:42]} 30. g3 {[%emt 0:00:23]} Qh3 {[%emt 0:00:22]} 31. exf4 {[%emt 0:00:02]} Bg7 {[%emt 0:00:02]} 32. Rxf7 {[%emt 0:00:10]} Kxf7 {[%emt 0:00:01]} 33. Nxd5 {[%emt 0:00:09]} Qe6 {[%emt 0:00:01]} 34. Nec3 {[%emt 0:00:02]} Bxd4 {[%emt 0:00:06]} 35. Rxe4 {[%emt 0:00:05]} Qh3 {[%emt 0:00:25]} 36. Ne7+ {[%emt 0:00:13]} Kf8 {[%emt 0:00:07]} 37. Qg8# {[%emt 0:00:03]} 1-0

[Event "European Online Club-ch-A 2021"]
[Site "Online"]
[Date "2021.03.27"]
[Round "5.17"]
[White "Valdes Escobar, Alvaro"]
[Black "Durak, Can"]
[Result "1-0"]
[WhiteElo "2355"]
[BlackElo "2187"]
[Annotator "NA"]
[PlyCount "103"]
[EventDate "2021.03.27"]
[EventType "team-tourn"]
[EventCountry "NET"]
[SourceTitle "playchess.com"]
[Source "ChessBase"]
[SourceQuality "1"]
[TimeControl "900+5"]

1. d4 {[%emt 0:00:00]} d5 {[%emt 0:00:07]} 2. c4 {[%emt 0:00:03]} e6 {[%emt 0:00:02]} 3. Nc3 {[%emt 0:00:04]} Nf6 {[%emt 0:00:03]} 4. cxd5 {[%emt 0:00:02]} exd5 {[%emt 0:00:04]} 5. Bg5 {[%emt 0:00:03]} c6 {[%emt 0:00:02]} 6. e3 {[%emt 0:00:19]} Be7 {[%emt 0:00:08]} 7. Qc2 {[%emt 0:00:23]} Nbd7 {[%emt 0:00:10]} 8. Bd3 {[%emt 0:00:06]} Nh5 {[%emt 0:00:03]} 9. Bxe7 {[%emt 0:00:07]} Qxe7 {[%emt 0:00:03]} 10. Nge2 {[%emt 0:00:14]} Nb6 {[%emt 0:00:05]} 11. O-O {[%emt 0:00:12]} g6 {[%emt 0:00:03]} 12. Rae1 {[%emt 0:00:04]} O-O {[%emt 0:00:02]} 13. Nc1 {[%emt 0:00:05]} Ng7 {[%emt 0:00:03]} 14. f3 {[%emt 0:00:19]} Bf5 {[%emt 0:00:04]} 15. Qf2 {[%emt 0:01:11]} Rad8 {[%emt 0:00:19]} 16. Bxf5 {[%emt 0:01:51]} Nxf5 {[%emt 0:00:04]} 17. Nb3 {[%emt 0:00:02]} Qd6 {[%emt 0:01:50]} 18. Nc5 {[%emt 0:00:22]} Qc7 {[%emt 0:00:20]} 19. Rd1 {[%emt 0:00:56]} Nc4 {[%emt 0:00:10]} 20. Rfe1 {[%emt 0:00:09]} b6 {[%emt 0:00:14]} 21. Nb3 {[%emt 0:00:06]} Nfxe3 {[%emt 0:01:03]} 22. Rxe3 {[%emt 0:00:05]} Nxe3 {[%emt 0:00:01]} 23. Qxe3 {[%emt 0:00:02]} Rfe8 {[%emt 0:00:02]} 24. Qf2 {[%emt 0:00:31]} Re6 {[%emt 0:00:18]} 25. Re1 {[%emt 0:00:37]} Rde8 {[%emt 0:00:03]} 26. Rxe6 {[%emt 0:00:05]} Rxe6 {[%emt 0:00:02]} 27. Nc1 {[%emt 0:01:16]} Qe7 {[%emt 0:00:22]} 28. Nd3 {[%emt 0:00:55]} Qg5 {[%emt 0:00:27]} 29. f4 {[%emt 0:00:29]} Qe7 {[%emt 0:00:46]} 30. h3 {[%emt 0:00:18]} b5 {[%emt 0:01:04]} 31. a3 {[%emt 0:00:53]} a5 {[%emt 0:00:09]} 32. Kf1 {[%emt 0:02:21]} b4 {[%emt 0:00:38]} 33. axb4 {[%emt 0:00:03]} axb4 {[%emt 0:00:01]} 34. Ne2 {[%emt 0:00:08]} Qa7 {[%emt 0:01:55]} 35. Qe1 {[%emt 0:01:50]} Qe7 {[%emt 0:01:28]} 36. Qd2 {[%emt 0:00:10]} Re4 {[%emt 0:00:32]} 37. Nc5 {[%emt 0:00:29]} Re3 {[%emt 0:00:07]} 38. Kf2 {[%emt 0:00:04]} Re4 {[%emt 0:03:09]} 39. Nxe4 {[%emt 0:00:07]} Qxe4 {[%emt 0:00:03]} 40. Qxb4 {[%emt 0:00:10]} g5 {[%emt 0:00:07]} 41. Qb8+ {[%emt 0:00:04]} Kg7 {[%emt 0:00:06]} 42. Qe5+ {[%emt 0:00:03]} Qxe5 {[%emt 0:00:03]} 43. fxe5 {[%emt 0:00:02]} Kg6 {[%emt 0:00:01]} 44. g4 {[%emt 0:00:02]} h5 {[%emt 0:00:02]} 45. Ng3 {[%emt 0:00:04]} hxg4 {[%emt 0:00:02]} 46. hxg4 {[%emt 0:00:01]} f6 {[%emt 0:00:02]} 47. e6 {[%emt 0:00:06]} Kg7 {[%emt 0:00:03]} 48. Nf5+ {[%emt 0:00:02]} Kf8 {[%emt 0:00:02]} 49. Ke3 {[%emt 0:00:02]} Ke8 {[%emt 0:00:02]} 50. Kd3 {[%emt 0:00:01]} Kf8 {[%emt 0:00:02]} 51. Kc3 {[%emt 0:00:02]} Ke8 {[%emt 0:00:01]} 52. Kb4 {[%emt 0:00:02]} 1-0

[Event "European Online Club-ch-A 2021"]
[Site "Online"]
[Date "2021.03.27"]
[Round "5.18"]
[White "Gurel, Ediz"]
[Black "Fitzsimons, David"]
[Result "1/2-1/2"]
[WhiteElo "2168"]
[BlackElo "2324"]
[Annotator "NA"]
[PlyCount "110"]
[EventDate "2021.03.27"]
[EventType "team-tourn"]
[EventCountry "NET"]
[SourceTitle "playchess.com"]
[Source "ChessBase"]
[SourceQuality "1"]
[TimeControl "900+5"]

1. e4 {[%emt 0:00:00]} Nf6 {[%emt 0:00:03]} 2. Nc3 {[%emt 0:00:10]} d5 {[%emt 0:00:02]} 3. exd5 {[%emt 0:00:02]} Nxd5 {[%emt 0:00:02]} 4. Bc4 {[%emt 0:00:01]} Nb6 {[%emt 0:00:01]} 5. Bb3 {[%emt 0:00:02]} Nc6 {[%emt 0:00:02]} 6. Nge2 {[%emt 0:00:11]} Bf5 {[%emt 0:00:23]} 7. O-O {[%emt 0:00:08]} e6 {[%emt 0:00:03]} 8. d4 {[%emt 0:00:48]} Be7 {[%emt 0:00:03]} 9. Be3 {[%emt 0:00:08]} O-O {[%emt 0:00:05]} 10. Ng3 {[%emt 0:00:15]} Bg6 {[%emt 0:00:03]} 11. Nce2 {[%emt 0:00:17]} Na5 {[%emt 0:00:46]} 12. Nf4 {[%emt 0:00:48]} Nxb3 {[%emt 0:00:03]} 13. axb3 {[%emt 0:00:03]} Nd5 {[%emt 0:00:06]} 14. Nxg6 {[%emt 0:00:08]} hxg6 {[%emt 0:00:03]} 15. c4 {[%emt 0:00:48]} Nxe3 {[%emt 0:00:20]} 16. fxe3 {[%emt 0:00:01]} c5 {[%emt 0:00:50]} 17. Qd3 {[%emt 0:01:25]} Qb6 {[%emt 0:01:03]} 18. Rad1 {[%emt 0:00:54]} Rad8 {[%emt 0:00:06]} 19. Kh1 {[%emt 0:00:33]} Rd7 {[%emt 0:01:47]} 20. dxc5 {[%emt 0:02:49]} Rxd3 {[%emt 0:00:04]} 21. cxb6 {[%emt 0:00:02]} Rxd1 {[%emt 0:00:01]} 22. Rxd1 {[%emt 0:00:01]} axb6 {[%emt 0:00:02]} 23. Kg1 {[%emt 0:02:28]} Ra8 {[%emt 0:00:31]} 24. Ne4 {[%emt 0:00:57]} f5 {[%emt 0:00:43]} 25. Rd7 {[%emt 0:00:49]} Kf8 {[%emt 0:01:42]} 26. Nc3 {[%emt 0:01:00]} Bc5 {[%emt 0:00:07]} 27. Rxb7 {[%emt 0:00:14]} Bxe3+ {[%emt 0:01:21]} 28. Kf1 {[%emt 0:00:03]} Ra1+ {[%emt 0:00:21]} 29. Ke2 {[%emt 0:00:02]} Bd4 {[%emt 0:00:01]} 30. Nb5 {[%emt 0:00:28]} Bg1 {[%emt 0:02:25]} 31. Nc7 {[%emt 0:00:45]} Ke7 {[%emt 0:00:18]} 32. Nd5+ {[%emt 0:00:14]} Kd6 {[%emt 0:00:03]} 33. Nc3 {[%emt 0:00:02]} Ke5 {[%emt 0:01:03]} 34. Rxg7 {[%emt 0:00:08]} Kf6 {[%emt 0:00:25]} 35. Rb7 {[%emt 0:00:03]} g5 {[%emt 0:00:11]} 36. h3 {[%emt 0:00:14]} Bd4 {[%emt 0:00:11]} 37. Nb5 {[%emt 0:00:21]} Bc5 {[%emt 0:00:06]} 38. b4 {[%emt 0:00:14]} Bxb4 {[%emt 0:00:14]} 39. Rxb6 {[%emt 0:00:01]} Rb1 {[%emt 0:00:02]} 40. Nd4 {[%emt 0:00:11]} Bc5 {[%emt 0:00:24]} 41. Rxe6+ {[%emt 0:00:02]} Kf7 {[%emt 0:00:02]} 42. Re5 {[%emt 0:00:12]} Bxd4 {[%emt 0:00:02]} 43. Rxf5+ {[%emt 0:00:03]} Kg6 {[%emt 0:00:02]} 44. Rb5 {[%emt 0:00:08]} Rxb2+ {[%emt 0:00:48]} 45. Rxb2 {[%emt 0:00:02]} Bxb2 {[%emt 0:00:02]} 46. g4 {[%emt 0:00:07]} Kf6 {[%emt 0:00:05]} 47. Kf3 {[%emt 0:00:03]} Ke5 {[%emt 0:00:02]} 48. h4 {[%emt 0:00:03]} gxh4 {[%emt 0:00:03]} 49. Kg2 {[%emt 0:00:02]} Kf4 {[%emt 0:00:03]} 50. c5 {[%emt 0:00:01]} Kxg4 {[%emt 0:00:04]} 51. c6 {[%emt 0:00:01]} Be5 {[%emt 0:00:02]} 52. c7 {[%emt 0:00:01]} Bxc7 {[%emt 0:00:02]} 53. Kh1 {[%emt 0:00:01]} Kh3 {[%emt 0:00:01]} 54. Kg1 {[%emt 0:00:02]} Bb6+ {[%emt 0:00:02]} 55. Kh1 {[%emt 0:00:01]} Kg3 {[%emt 0:00:01]} 1/2-1/2

[Event "European Online Club-ch-A 2021"]
[Site "Online"]
[Date "2021.03.27"]
[Round "5.19"]
[White "Pein, Malcolm"]
[Black "Emir, Doruk"]
[Result "0-1"]
[WhiteElo "2309"]
[BlackElo "1852"]
[Annotator "NA"]
[PlyCount "76"]
[EventDate "2021.03.27"]
[EventType "team-tourn"]
[EventCountry "NET"]
[SourceTitle "playchess.com"]
[Source "ChessBase"]
[SourceQuality "1"]
[TimeControl "900+5"]

1. d4 {[%emt 0:00:00]} Nf6 {[%emt 0:00:15]} 2. c4 {[%emt 0:00:04]} g6 {[%emt 0:00:02]} 3. Nc3 {[%emt 0:00:07]} Bg7 {[%emt 0:00:01]} 4. e4 {[%emt 0:00:37]} d6 {[%emt 0:00:07]} 5. Nf3 {[%emt 0:00:09]} O-O {[%emt 0:00:05]} 6. Be2 {[%emt 0:00:01]} e5 {[%emt 0:00:02]} 7. O-O {[%emt 0:00:03]} Nc6 {[%emt 0:00:04]} 8. d5 {[%emt 0:00:02]} Ne7 {[%emt 0:00:04]} 9. b4 {[%emt 0:00:02]} Ne8 {[%emt 0:01:32]} 10. c5 {[%emt 0:00:06]} f5 {[%emt 0:00:08]} 11. a4 {[%emt 0:00:03]} f4 {[%emt 0:00:14]} 12. Ba3 {[%emt 0:00:21]} h6 {[%emt 0:00:20]} 13. b5 {[%emt 0:00:04]} g5 {[%emt 0:00:12]} 14. Nd2 {[%emt 0:00:06]} dxc5 {[%emt 0:01:43]} 15. Bxc5 {[%emt 0:00:07]} Nd6 {[%emt 0:01:23]} 16. Bg4 {[%emt 0:00:52]} Ng6 {[%emt 0:01:03]} 17. Bxc8 {[%emt 0:01:36]} Qxc8 {[%emt 0:00:10]} 18. a5 {[%emt 0:00:25]} g4 {[%emt 0:01:25]} 19. b6 {[%emt 0:01:59]} axb6 {[%emt 0:03:52]} 20. axb6 {[%emt 0:00:06]} Rxa1 {[%emt 0:00:02]} 21. Qxa1 {[%emt 0:00:07]} f3 {[%emt 0:00:31]} 22. g3 {[%emt 0:00:14]} Nf4 {[%emt 0:01:03]} 23. bxc7 {[%emt 0:01:17]} Nh3+ {[%emt 0:00:29]} 24. Kh1 {[%emt 0:00:03]} Qxc7 {[%emt 0:00:03]} 25. Qa3 {[%emt 0:00:24]} Rc8 {[%emt 0:00:08]} 26. Nb3 {[%emt 0:02:54]} Bf8 {[%emt 0:00:30]} 27. Qb4 {[%emt 0:01:02]} b6 {[%emt 0:00:14]} 28. Bxd6 {[%emt 0:01:26]} Bxd6 {[%emt 0:00:15]} 29. Qb5 {[%emt 0:00:02]} Qxc3 {[%emt 0:00:35]} 30. Qd7 {[%emt 0:00:03]} Nxf2+ {[%emt 0:00:14]} 31. Kg1 {[%emt 0:00:08]} Nh3+ {[%emt 0:00:02]} 32. Kh1 {[%emt 0:00:02]} Bf8 {[%emt 0:00:06]} 33. Qxg4+ {[%emt 0:00:18]} Ng5 {[%emt 0:00:13]} 34. h4 {[%emt 0:00:06]} Qd3 {[%emt 0:00:13]} 35. Nd2 {[%emt 0:00:08]} Qe2 {[%emt 0:00:07]} 36. Rxf3 {[%emt 0:00:16]} Rc1+ {[%emt 0:00:04]} 37. Rf1 {[%emt 0:00:03]} Rxf1+ {[%emt 0:00:02]} 38. Nxf1 {[%emt 0:00:03]} Qxg4 {[%emt 0:00:02]} 0-1